000 01963cam a22005054i 4500
003 PE-LiUPU
005 20250731165557.0
008 150625s r 000 0 d
020 _a8428523207
035 _a(Sirsi) i9788428523202
040 _aPE-LiUPU
_bspa
_cPE-LiUPU
_erda
049 _aPRUA
082 0 4 _a262.03d
_bO34
_221
100 1 _aO'Donnell, C.,
_eautor.
245 1 0 _aDiccionario de eclesiología /
_cC. O'Donnell y S. Pie Ninot.
264 1 _aMadrid :
_bSan Pablo,
_c2001.
300 _a1166 p. ;
_c20 centímetros
336 _atext
_2rdacontent
337 _aunmediated
_2rdamedia
338 _avolume
_2rdacarrier
490 0 _aDiccionarios San Pablo
504 _aIncluye referencias bibliográficas al final de cada artículo.
505 0 _aMisterio de la Iglesia. -El pueblo de Dios. -Constitución jerárquica de la Iglesia. -Los laicos. -Universal vocación a la santidad. -Los religiosos. -Indole escatológica de la Iglesia. -La Virgen María.
526 _aSEG44
526 _aSEG26
526 _aP151
526 _aP150
526 _aP149
526 _aP146
526 _aP145
526 _aP126
526 _aP125
526 _aP92
526 _aP75
526 _aP74
526 _aP27
526 _aP15
541 _g007-0017628;
650 0 4 _aEclesiología
_vDiccionarios.
942 _2ddc
_cBOOK
949 _aRC 262.03D O34
_wDEWEY
_c1
_i55893
_d2016-6-22
_e2016-6-22
_lCCODEBUL1
_mBUL
_n1
_p74.00
_r0
_sY
_tBOOK
_u2015-6-25
_xTEOLOGIA
_zUNKNOWN
_0COMPRA
_o.CIRCNOTE. No olvidar cambiar la fecha de devolución!!!!!!!
_o.STAFF. Colección General
994 _aC0
_bPEPRU
596 _a1
999 _aRC 262.03D O34
_wDEWEY
_c44730
_i55893
_d44730
_e2016-6-22
_f2021-11-8
_g6
_lCCODEBUL1
_mBUL
_n1
_p74.00
_q1
_r1
_sY
_tBOOK
_u2015-6-25
_xTEOLOGIA
_zUNKNOWN
_0COMPRA
_o.CIRCNOTE. No olvidar cambiar la fecha de devolución!!!!!!!
_o.STAFF. Colección General
980 _81
_gALBERTO SANCHEZ Responsable de Automatización